[Event "Biel GM"]
[Site "Biel"]
[Date "1999.07.26"]
[Round "8"]
[White "Bologan, Viktor"]
[Black "Avrukh, Boris"]
[Result "1/2-1/2"]
[WhiteElo "2620"]
[BlackElo "2588"]
[Annotator "Tsesarsky,I"]
[PlyCount "89"]
[EventDate "1999.07.19"]
[EventType "tourn"]
[EventRounds "10"]
[EventCountry "SUI"]
[EventCategory "14"]
[SourceTitle "CBM 072"]
[Source "ChessBase"]
[SourceDate "1999.10.01"]
[SourceVersion "1"]
[SourceVersionDate "1999.10.01"]
[SourceQuality "1"]

{[%mdl 256]} 1. e4 c5 2. Nf3 d6 3. d4 cxd4 4. Nxd4 Nf6 5. Nc3 Nc6 6. Bg5 e6 7.
Qd2 Qb6 8. Nb3 Be7 9. Bxf6 (9. Be2 O-O (9... a6 10. a4 Qc7 11. a5 Bd7 12. f3 h6
13. Be3 Ne5 14. Na4 Bxa4 (14... Bb5 15. Nb6 Rd8 16. Bxb5+ axb5 17. Nd4 $16 {
0-1 Van Herck,M-Kristiansen,J/Graz 1972 (34)}) 15. Rxa4 d5 16. exd5 Nxd5 17.
Bf2 (17. O-O O-O $11 (17... Nxe3 18. Qxe3 O-O $11)) 17... Bg5 18. Qd1 O-O 19.
c3 $11) 10. Be3 Qc7 11. f4 Rd8 (11... a6 12. O-O (12. a4 b6 13. O-O Rd8 14. Bf3
Rb8 15. Qe2 Na5 $11 {1-0 Stisis,Y-Shmuter,L/Tel Aviv ISR 1999 (42)}) 12... b5
13. Bf3 Bb7 14. a3 Nd7 15. Qf2 Na5 16. Nxa5 Qxa5 17. Rfd1 Rac8 18. Kh1 {
1/2-1/2 Jimenez Zerguera,E-Perez,F/Havana 1965 (18)}) 12. O-O $11 (12. O-O-O a6
13. g4 b5 14. g5 (14. Bf3 Nd7 15. Qf2 (15. g5 Nb6 16. Qf2 Nc4 17. h4 b4 18. Nb1
a5 $15 {0-1 Prasad,D-Greenfeld,A/Biel SUI 1999 (27)}) 15... Bb7 $132) 14... b4
15. gxf6 bxc3 16. Qxc3 Bxf6 17. Nd4 Bd7 $132)) (9. h4 a6 10. h5 h6 11. Bxf6
gxf6 12. O-O-O Bd7 13. Rh3 O-O-O 14. Kb1 Kb8 15. Rd3 Rhg8 16. f4 Bc8 17. Qe1
$14 {1-0 Garcia,S-Smyslov,V/Sochi 1974/Inf 18 (33)}) (9. Be3 Qc7 10. f3 O-O 11.
g4 a6 12. g5 Nd7 13. h4 b5 14. a3 Nde5 15. Be2 Rb8 $132 {1-0 Mc Donald N
R-Gufeld E Y/it shv. 1987 (36)}) 9... Bxf6 (9... gxf6 $6 10. Be2 Bd7 11. O-O
Ne5 12. a4 O-O 13. a5 $16 {1-0 Sutovsky,E-Avrukh,B/Tel Aviv ISR 1999 (25)}) 10.
Qxd6 Be5 11. Qd2 $6 $132 (11. Qc5 $14 Qxc5 12. Nxc5 Ke7 (12... O-O $5 $14) 13.
Bb5 Nd4 14. O-O-O Rd8 15. Nb3 Nxb5 16. Nxb5 Bd7 17. N5d4 Rac8 18. g3 Rc4 19. c3
Bc7 20. Rhe1 b5 21. Nc2 (21. Rd3 $1) 21... Bb6 22. f3 Rdc8 23. Kb1 a5 24. a3 h5
25. Rd3 $16 {1/2-1/2 Khalifman,A-Avrukh,B/St. Petersburg 1999/CBM 72_02/
[Tsesarsky] (67)}) 11... O-O 12. Bd3 a5 13. a4 Rd8 14. f4 (14. O-O Nb4 15. Nc1
(15. Nb5 Bxb2 $15) 15... Nxd3 16. Nxd3 Qxb2 17. Nb5 Qxa1 18. Rxa1 Bxa1 $15)
14... Bxc3 15. bxc3 (15. Qxc3 Qe3+ $17) 15... e5 16. f5 (16. Rb1 f5 $1 17. exf5
Bxf5 (17... e4 18. Bc4+ Kh8 19. Qe2 Bxf5 20. g4 Bc8 21. Nd2 Qc7 22. Nxe4 (22.
O-O Bxg4 $1 $17) 22... Qxf4 23. Rf1 Qxg4 24. Qxg4 Bxg4 25. Rxb7 Rd1+ 26. Kf2
Rf8+ 27. Kg3 Rdxf1 28. Bxf1 Rxf1 29. Kxg4 Kg8 $14) 18. Rf1 e4 19. Bc4+ Kh8 20.
Qe2 e3 $132) (16. Rf1 Be6 17. Rb1 Bc4 18. Qf2 Qxf2+ 19. Rxf2 Bxd3 20. cxd3 Rxd3
21. Rf3 Rxf3 22. gxf3 exf4 23. Nc5 Nd8 24. Rb5 Ra7 25. Nb3 Kf8 26. Rxa5 Rxa5
27. Nxa5 Ke7 $11) 16... Bxf5 $1 17. Qf2 (17. exf5 e4 18. Nc1 Ne5 $17) 17...
Qxf2+ 18. Kxf2 Bc8 (18... Bg6 19. Rab1 Rab8 (19... b6 20. Nd2 Rab8 21. Nc4 f6
22. Nxb6 $14) 20. Nc5 b6 21. Na6 Rb7 22. Nc5 Rbb8 23. Na6 $11) 19. Rhb1 (19.
Rab1 Rb8 20. Bb5 Be6 21. Bxc6 Bxb3 (21... bxc6 22. Nxa5 Ra8 23. Nxc6 Re8 24.
Nxe5 Rxa4 25. Rb4 $16) 22. cxb3 bxc6 23. Ke3 $11) 19... Rd7 20. Nd2 (20. Rb2
$132) 20... Rc7 (20... f6 21. Rb6 $132) 21. Rb5 (21. Rb6 Be6 22. Rab1 Nd8 23.
c4 Bd7 24. Ra1 Ne6 25. Nb3 Bc6 26. Ke3 Nf8 $1 27. Nc5 Nd7 28. Nxd7 Rxd7 29. c5
Kf8 (29... Rd4 30. c3 Rd7 (30... Rxa4 31. Rxa4 Bxa4 32. Rxb7 Bc6 33. Rc7 Be8
34. Bc4 $11)) 30. Bb5 Rc8 31. Ra3 f6 32. Rd3 Rdc7 33. c4 Be8 34. Bxe8 Kxe8 35.
Rd5 Rxc5 36. Rxb7 Rxd5 37. cxd5 Rc3+ 38. Kd2 Rc4 39. Ke3 Kf8 40. d6 Rc3+ 41.
Ke2 (41. Kd2 Rc4 42. Ke3) 41... Rc2+ 42. Ke3 $11 (42. Kd3 Rc6 43. d7 Ke7 44.
d8=Q+ Kxd8 45. Rxg7 Rb6 (45... Rd6+ 46. Kc4 Rd4+ 47. Kb5 Rxe4 48. Rxh7 Rg4 49.
g3 e4 50. Rf7 e3 51. Rxf6 Re4 52. Rf1 e2 53. Re1 Re5+ 54. Kc4 $16) 46. Rxh7
Rb3+ 47. Kc4 Rb4+ 48. Kd5 Rxa4 49. h4 Rd4+ 50. Ke6 Rxe4 51. Kxf6 a4 52. h5 a3
53. h6 Ra4 54. Rg7 a2 55. h7 Rh4 56. Ra7 Rxh7 57. Rxa2 Rh6+ 58. Kxe5 Ke7 59.
Ra7+ Kf8 $11)) 21... Be6 22. Rab1 Nd8 (22... Ra7 {Probably this move put
before white more problems.} 23. Ke3 (23. Nc4 f6 24. Nd6 Nd8 25. Rb6 Rc6 26.
Rxc6 bxc6 27. Bc4 Bxc4 28. Nxc4 Nb7 29. Rb6 Nc5 30. Nd6 Ra8 31. Rxc6 Nxa4 32.
Rc7 Nb2 33. Nf5 a4 34. Rxg7+ Kh8 35. Rg3 a3 36. Nh6 Rf8 37. c4 Nxc4 38. Rd3 a2
39. Rd1 Rb8 40. Ra1 Rb2 $19) (23. Nb3 f6 24. Nc5 Bc8 25. Bc4+ Kf8 26. Be6 Nd8
27. Bxc8 Rxc8 28. Nxb7 (28. Rd1 Ke8 29. Rd6 b6 30. Rdxb6 Rac7 31. Nd3 Rxc3 32.
Ke3 Rxc2 33. Rxa5 Rxg2 34. Ra7 Rcc2 35. Nb4 Rc3+ 36. Nd3 Rxh2 $19) 28... Nxb7
29. Rxb7 Rxb7 30. Rxb7 Rxc3 31. Rb5 Rxc2+ 32. Kf3 Rc3+ 33. Kf2 Rc4 34. Rxa5
Rxe4 35. Ra7 h5 36. a5 Ra4 37. a6 Kg8 38. h3 Kh7 39. Kf3 Kg6 $17) 23... f6 24.
Nb3 Kf8 25. Nc5 Bc8 26. Bc4 Ke7 27. Bd5 Nd8 28. c4 b6 29. Nd3 Bd7 30. Rxb6 Bxa4
31. Kd2 $15) 23. Rxe5 $11 Rxc3 24. Nb3 Bd7 (24... b6 25. Nd4 Nc6 26. Nxc6 Rxc6
27. Reb5 Bd7 28. Ke3 Kf8 29. Rd5 (29. Rxb6 Rxb6 30. Rxb6 Bxa4 $132) 29... Be6
30. Rh5 h6 31. Rhb5 Bd7 32. Rxb6 Rxb6 33. Rxb6 Bxa4 $11) 25. Rc5 Rxc5 26. Nxc5
Bc6 27. Ke3 (27. e5 Kf8 28. Bf5 (28. Bxh7 $2 g6 29. e6 Kg7 30. e7 Ne6 31. Nxb7
Kxh7 (31... Bxb7 32. Rxb7 Kxh7 33. Ra7 Re8 34. Rxa5 Rxe7 $17) 32. Nd6 Kg7 $19)
28... Ke7 29. c4 g6 30. Bh3 $11) 27... Rc8 28. Kd4 Kf8 29. Bc4 Ke7 30. Bd5 f6 (
30... Kd6 31. e5+ Kc7 32. c4 (32. Rf1 b6 33. Ne4 Bxa4 34. c4 Rb8 $15) 32... b6
33. Ne4 Bxa4 34. Nd6 Rb8 35. Nxf7 Nxf7 36. Bxf7 Rf8 37. Bd5 Bc6 $11 (37... Rf4+
38. Ke3 Rf8 39. c5 b5 (39... bxc5 40. Rb7+ Kd8 41. Rxg7 (41. Rb8+ Ke7 42. Rb7+
$11) 41... Rf5 42. Rg8+ (42. Ke4 $2 Bc2+) 42... Ke7 43. Rg7+ $11) 40. Kd4 Rf4+
41. Ke3 Rf8 $11)) 31. c4 Kd6 32. Nd3 Bxa4 33. Ra1 (33. c5+ Kc7 34. Ra1 Nc6+ 35.
Ke3 Bb5 36. Nf4 g6 $15) 33... Nc6+ (33... b5 34. cxb5 Bxb5 35. Rxa5 $11) 34.
Kc3 (34. Bxc6 Bxc6 35. Rxa5 Re8 36. c5+ Kc7 37. Nf2 Rd8+ 38. Ke3 $11) 34... b5
35. Nb2 (35. c5+ Kc7 36. Nb2 b4+ 37. Kc4 Bc2 38. Bxc6 Kxc6 39. Rxa5 Bxe4 40.
Ra6+ Kd7 41. g3 Rb8 42. Ra7+ $11) 35... Ne7 (35... Nb4 $5 36. Bf7 $8 (36. Nxa4
Nxd5+ 37. exd5 Rxc4+ 38. Kd3 Rxa4 $19) 36... Rc5 (36... Rc7 37. Nxa4 bxa4 38.
Bd5 $11) 37. Nxa4 bxa4 38. Rxa4 Ke5 39. Ra1 (39. Bd5 f5 40. Rxb4 $8 (40. Ra1
fxe4 $19) 40... axb4+ 41. Kxb4 Rc8 42. exf5 Kxf5 43. c5 Ke5 44. Kc4 g5 45. Bf3
Rb8 46. h3 Rb1 47. c6 Kd6 48. Kd4 h6 49. Kc4 (49. Ke4 Kxc6 50. Kf5+ Kc5 51. Kg6
Rb6+ 52. Kh5 Kd4 $19) 49... Rc1+ 50. Kd4 Ra1 51. Kc4 Ra4+ 52. Kd3 $11 (52. Kb3
Rf4 53. Kc3 $11)) 39... Kxe4 40. Re1+ Kf5 41. Bg8 Kg6 42. Re4 h5 43. Re7 Re5
$17) 36. Kd4 {With Nb4 this move was impossible!} Nc6+ 37. Bxc6 Kxc6 38. Nxa4
bxa4 (38... Rd8+ 39. Kc3 bxa4 40. Rxa4 Kb6 41. Ra2 Rd1 (41... Ra8 42. Ra4) 42.
h3 Rc1+ 43. Kd4 $11) 39. Rxa4 Rd8+ 40. Kc3 Ra8 41. Ra3 (41. Kd4 $11) 41... Kc5
42. Ra4 h5 43. g3 g5 44. Kd3 Ra7 45. Ra2 $6 (45. Ra2 a4 (45... Kb4 46. Rb2+ Ka3
47. Rb6 Rf7 48. c5 a4 49. Kc4 $16) 46. Kc3 $2 (46. Rf2 $1 a3 (46... Ra6 47.
Rf5+ Kb4 48. Rb5+ Ka3 49. h4 $16) 47. Rf5+ Kd6 $5 (47... Kb4 48. Rb5+ Ka4 49.
Kc3 a2 50. Rb4+ Ka5 (50... Ka3 51. Rb3+) 51. Rb5+ Ka6 52. Kb2 Rc7 53. Rf5 Rxc4
54. Rxf6+ Kb5 55. Kxa2 Rxe4 56. Rf5+ Kc4 57. Rxg5 Re2+ $11) 48. Rxf6+ Ke5 49.
Rf5+ Ke6 50. Rf1 a2 51. Ra1 Ke5 52. c5 Ra3+ 53. Kc2 Kxe4 54. Kb2 Ra5 55. c6 Rc5
56. Rxa2 Rxc6 57. Ra5 $11) 46... a3 47. Kb3 Kd4 48. Ra1 a2 (48... Kxe4 $2 49.
Rxa3 Rxa3+ 50. Kxa3 f5 51. Kb4 f4 52. gxf4 gxf4 53. c5 f3 (53... Kd5 54. c6 (
54. Kb5 f3 55. c6 f2 56. c7 f1=Q+ $19) 54... Kxc6 55. Kc4 $11) 54. c6 f2 55. c7
f1=Q 56. c8=Q $11) 49. Rxa2 Rxa2 50. Kxa2 Kxc4 $19) (45. Kc3 $11) 1/2-1/2

[Event "FIDE-Wch k.o."]
[Site "Las Vegas"]
[Date "1999.08.01"]
[Round "1.2"]
[White "Stefansson, Hannes"]
[Black "Zubarev, Alexander2"]
[Result "1/2-1/2"]
[WhiteElo "2584"]
[BlackElo "2486"]
[Annotator "Tsesarsky,I"]
[PlyCount "64"]
[EventDate "1999.07.31"]
[EventType "k.o."]
[EventRounds "7"]
[EventCountry "USA"]
[SourceTitle "CBM 072"]
[Source "ChessBase"]
[SourceDate "1999.10.01"]
[SourceVersion "1"]
[SourceVersionDate "1999.10.01"]
[SourceQuality "1"]

1. e4 c5 2. Nf3 Nc6 3. d4 cxd4 4. Nxd4 Nf6 5. Nc3 d6 6. Bg5 Bd7 7. Be2 a6 8.
O-O e6 9. Qd3 Be7 (9... h6 10. Be3 (10. Bxf6 Qxf6 11. Nb3 Qd8 12. f4 Be7 13.
Rad1 O-O 14. Kh1 Rc8 $11 {0-1 Meszaros,G-Szily,J/Budapest ch-HUN 1953 (41)}) (
10. Nxc6 Bxc6 11. Bf4 b5 12. a3 Be7 13. Rad1 e5 14. Bc1 O-O 15. Nd5 Bxd5 16.
exd5 Nd7 17. Qf5 Bg5 18. Kh1 g6 19. Qh3 Kg7 20. f4 exf4 21. Bxf4 Bxf4 22. Rxf4
Qe7 23. Rdf1 Rae8 24. a4 Nc5 25. Bd3 bxa4 26. Qg3 Nxd3 27. Qxd3 Qe5 28. Rxa4
Qxb2 29. Rxa6 Qe5 30. Rc6 Re7 31. c4 Ra8 32. c5 dxc5 33. h3 Ra1 34. Rxc5 Rxf1+
35. Qxf1 Ra7 36. Qd1 Ra1 37. Rc1 Rxc1 38. Qxc1 Qxd5 39. Qc3+ Kh7 40. Qc7 g5 41.
Qb8 Qd4 42. Qc8 Kg7 43. Kh2 h5 44. Kh1 Qe3 45. Kh2 Qf4+ 46. Kh1 g4 47. hxg4
hxg4 48. Qc3+ Kg6 49. Qd3+ Kh6 50. Qd8 g3 51. Qb6+ f6 52. Qe3 Qg5 53. Qc5 Qh5+
54. Qxh5+ Kxh5 55. Kg1 Kg4 56. Kf1 Kf4 57. Ke2 Ke4 58. Kd2 f5 59. Ke2 f4 60.
Ke1 Ke3 61. Kf1 Kd2 {0-1 Delaney,J-Speelman Jonathan S/Bath ENG 1987 (61)})
10... b5 11. f4 b4 12. Nd1 d5 13. Nf2 dxe4 14. Nxe4 Nd5 15. Nxc6 Bxc6 16. f5 e5
(16... Nxe3 17. Qxe3 e5 18. Rad1 Qc7 19. f6 g6 (19... Bxe4 20. Qxe4 Bc5+ 21.
Kh1 O-O 22. Bc4 {[%cal Ge4g6]} Kh8 23. fxg7+ Kxg7 24. Bxf7 $1 $18) 20. Kh1 Bd7
21. Rd2 $16) 17. Rad1 (17. f6 Nxf6 18. Qxd8+ Rxd8 19. Nxf6+ gxf6 20. Rxf6 Bb5
21. Bxb5+ axb5 22. Raf1 Rh7 23. R1f5 $16) 17... Be7 18. Qc4 Bb7 19. Bf3 Qc8 (
19... Nxe3 20. Rxd8+ Rxd8 21. Qc7 Bxe4 22. Bxe4 Nxf1 23. Kxf1 Bf6 24. Qc6+ Ke7
25. Qxa6 $16) 20. Nd6+ Bxd6 21. Bxd5 Qxc4 22. Bxc4 $14 {0-1 Bannik
Anatoly-Kirilov,V/ch URS (1/2 final) Vilnius (Lithuania) 1949/Inf 01 (61)}) (
9... Nxd4 10. Qxd4 Bc6 11. Rad1 Be7 12. Rd3 Qa5 13. Rg3 h6 14. Bd2 Qe5 15. Qxe5
dxe5 16. Rxg7 Bxe4 17. f4 {1/2-1/2 Geller,E-Polugaevsky,L/Belgrade 1969 (17)})
10. Rad1 O-O (10... Nxd4 11. Qxd4 Qa5 (11... Bc6 12. Rd3 Qa5 13. Rg3 Qe5 14.
Qd2 Nxe4 15. Nxe4 Qxe4 16. Bxe7 Kxe7 17. Rd1 (17. Qg5+ Kd7 18. Bd3 Qd4 19. c3
Qf6 20. Qxg7 Qxg7 21. Rxg7 Rag8 22. Rxg8 Rxg8 23. g3 $11) 17... Rad8 18. Qg5+
Kd7 19. Bf3 Qxc2 20. Qxg7 Bxf3 21. Qxf7+ Kc8 22. Qxf3 Rhf8 23. Qc3+ Qxc3 24.
Rxc3+ Kd7 $11 {1/2-1/2 Geller,E-Furman,S/URS-37ch Moscow 1969 (42)}) 12. Be3
O-O 13. f4 Bc6 14. Bf3 b5 15. a3 Rac8 {1/2-1/2 Milic-Averbah/Belgrad 1956 (15)}
) (10... h6 11. Bc1 Nxd4 12. Qxd4 Bc6 13. Rd3 Qa5 14. Rg3 g5 15. Qd3 O-O-O 16.
a3 d5 17. exd5 Nxd5 18. Nxd5 Rxd5 19. Qc3 Qxc3 20. Rxc3 $11 {0-1 Bisguier A
B-Olafsson F/Bled 1961 (80)}) 11. Qg3 Qc7 (11... Qb6 12. Nb3 (12. Bh6 Ne8 13.
Nb3 Bf6 $132) 12... Ne5 (12... Qc7 13. Bxf6 Bxf6 14. Qxd6 $16) 13. Rd4 Rfd8 14.
Rfd1 Bc6 15. Bxf6 Bxf6 16. Rxd6 Rxd6 17. Rxd6 Ng6 {[%cal Gf6e5]} 18. Rd3 Bxc3
19. Rxc3 Bxe4 $11) 12. Kh1 (12. Nb3 Ne8 13. Bf4 Ne5 $11) 12... Kh8 13. f4 Ng8 (
13... h6 14. Bh4 Nxd4 15. Rxd4 Bc6 (15... Qb6 16. Rfd1 Qxb2 17. e5 Ng8 18. Bxe7
Nxe7 19. Bg4 (19. Rxd6 Nf5 $17) 19... Rfc8 (19... d5 20. Rb1 Qxc2 21. Rxb7 Rfc8
$17)) 16. e5 Nd5 17. Bxe7 Qxe7 18. Nxd5 Bxd5 19. c4 (19. Qa3 Qc7 20. exd6 Qxc2
$15) 19... dxe5 20. fxe5 Bc6 21. Bd3 Rad8 22. Rd6 $14) 14. Bxe7 Ncxe7 (14...
Ngxe7 15. Nxc6 bxc6 (15... Bxc6 16. f5 exf5 17. exf5 Rad8 (17... f6 18. Rxd6
$16 (18. Qxd6 $16)) 18. f6 Ng6 19. fxg7+ Kxg7 20. Bf3 $16) 16. e5 (16. f5 exf5
17. Qxd6 Qxd6 18. Rxd6 Be6 19. exf5 Bxf5 20. Bd3 Bxd3 21. Rxd3 Rab8 22. b3 $14)
16... d5 17. Bd3 Rab8 18. b3 Bc8 (18... a5 19. Bxh7 $1 $16) 19. Ne2 c5 20. c3
Bb7 21. Qh4 (21. Qh3 h6 22. Qh5 c4 $11) 21... Ng6 22. Bxg6 fxg6 23. b4 $132)
15. Nb3 Bc6 (15... Nf6 16. Bf3 e5 (16... Rac8 17. e5 Nf5 18. Qh3 Ne8 19. Be4
$16) 17. fxe5 dxe5 18. Rd2 Rad8 19. Rfd1 Ng6 20. Nd5 Nxd5 21. exd5 f5 22. d6
Qb6 23. c4 e4 24. c5 Qc6 $132) 16. Bd3 b5 17. Qh3 (17. a3 Rac8 $132) 17... h6
18. Nd4 Bb7 (18... b4 19. Nxc6 Nxc6 20. Ne2 Nf6 $11) 19. a3 Rad8 20. Qg3 Nf6 (
20... e5 $1 $132 {Arising move taking into account absence BB.}) 21. Nf3 d5 22.
exd5 (22. e5 $2 Ne4 $1 23. Bxe4 (23. Qe1 Nxc3 24. bxc3 Rc8 25. Rb1 Qxc3 26. a4
Qxe1 27. Nxe1 Bc6 28. axb5 Bxb5 29. Bxb5 Rb8 30. Rf3 Rxb5 $17) 23... dxe4 24.
Nd2 (24. Nd4 Rxd4 25. Rxd4 Nf5 $19) 24... Nf5 25. Qh3 e3 26. Nb3 e2 27. Nxe2
Qxc2 $17) 22... Nexd5 (22... Nh5 $1 23. Qh4 Nxf4 24. d6 Qxd6 25. Bxb5 Qc7 26.
Bd3 e5 $15) 23. Nxd5 Rxd5 24. Nd2 (24. Qh4 Rh5 25. Qg3 Rd5 26. Qh4 $11) 24...
Rfd8 25. Rde1 (25. Nb3 R5d7 26. Qe3 Bd5 27. Nc5 Ng4 28. Qg1 (28. Qg3 Nxh2 29.
Nxe6 Bxe6 30. Kxh2 Bc4 31. Rf3 Rd4 32. Re1 Bxd3 33. cxd3 $15 {[%csl Rd3]})
28... Rd6 29. b4 Nf6 30. Qe3 Nd7 31. Nxd7 R6xd7 32. f5 Qc6 33. Rd2 $132) 25...
Rd4 26. f5 (26. Qh4 Bd5 $1 27. Rf2 e5 28. Bf5 Bxg2+ 29. Kxg2 Rxd2 30. fxe5 Qc6+
31. Kg1 R8d4 32. Qg3 Nh5 33. Qf3 Qxf3 34. Rxf3 g6 35. Bc8 a5 36. Rxf7 Rxc2 37.
Rf8+ Kh7 (37... Kg7 38. Ref1 Kh7) 38. e6 Rg4+ 39. Kf1 Rxh2 40. Rf7+ (40. e7
Rh1+ 41. Kf2 Rxe1 42. Bxg4 (42. Kxe1 Re4+ $19) 42... Rxe7 43. Bxh5 gxh5 44. Rf5
Rb7 45. Rxh5 $44) 40... Kg8 41. Rf8+ $1 Kh7 42. Rf7+ $11) 26... Qxg3 27. hxg3
exf5 (27... Bc8 28. Nf3 R4d6 29. fxe6 Bxe6 30. Rf2 $15) 28. Rxf5 Bc8 29. Rc5
Be6 (29... Ng4 30. Kg1 Be6 31. Nf3 R4d6 32. Rc7 Kg8 $15) 30. Nf3 R4d5 31. Rxd5
Rxd5 32. Re5 Rd6 $15 {[%csl Rg2,Rg3]} 1/2-1/2

[Event "Hotel Agro GM"]
[Site "Budapest"]
[Date "1999.08.01"]
[Round "3"]
[White "Tolnai, Tibor"]
[Black "Ruck, Robert"]
[Result "0-1"]
[WhiteElo "2514"]
[BlackElo "2485"]
[Annotator "Tsesarsky,I"]
[PlyCount "83"]
[EventDate "1999.08.05"]
[EventType "tourn"]
[EventRounds "9"]
[EventCountry "HUN"]
[EventCategory "10"]
[SourceTitle "CBM 073"]
[Source "ChessBase"]
[SourceDate "1999.12.01"]
[SourceVersion "1"]
[SourceVersionDate "1999.12.01"]
[SourceQuality "1"]

1. e4 c5 2. Nf3 d6 3. d4 cxd4 4. Nxd4 Nf6 5. Nc3 Nc6 6. Bg5 Bd7 7. Be2 Qa5 8.
Bxf6 gxf6 9. O-O Nxd4 10. Qxd4 Rc8 11. a4 Qc5 (11... Rg8 12. Bb5 Bh6 13. Ra3
Qb6 14. Qxb6 (14. Qd3 Qd8 15. f4 Kf8 16. Kh1 $14 {1-0 Kotronias,V-Miralles,G/
Geneva-A 1990 (42)}) 14... axb6 15. Rb3 (15. Rd1 Bxb5 16. axb5 f5 17. exf5 Bg7
18. Nd5 $16 (18. Rd3 $16)) 15... Bxb5 16. Rxb5 Rc6 17. Nd5 Rxc2 18. Rxb6 Rg4
19. Rxb7 Rxe4 20. b4 $16) (11... a6 12. Kh1 Qc5 13. Qd2 Bg7 14. Bd3 h5 15. Nd5
e6 16. b4 Qa7 17. Ne3 f5 $5 $132 (17... Qd4 18. Ra3 Ke7 19. c3 Qb6 20. a5 Qc7
21. Nc4 $14 {1-0 Loeffler,S-Videki,S/Lenk ,EXT 1995 (43)})) 12. Qd2 (12. Rfd1
Bg7 13. Bb5 Qxd4 14. Rxd4 f5 15. Rb4 Bxc3 16. bxc3 fxe4 17. Bxd7+ Kxd7 18.
Rxb7+ Ke6 19. Re1 f5 20. f3 Rxc3 21. fxe4 f4 22. Re2 Rg8 $15 {0-1 Salaun,
Y-Murey,J/Montpellier-Auxerre 1993 (50)}) 12... Rg8 (12... a6 13. Kh1 (13. Nd5
$2 Qxc2 14. Qe3 Bh6 15. Qxh6 Qxe2 16. Qg7 Rf8 17. Rac1 Rxc1 18. Rxc1 Bc6 19.
Nc7+ Kd7 20. Qxf8 Qxe4 21. Qg8 Kxc7 22. b3 Qg6 23. Qxg6 fxg6 $17 {0-1 Magem
Badals,J-Ubilava,E/San Sebastian 1992 (37)}) 13... Bg7 14. Bd3 e6 $5 (14... O-O
15. Nd5 Rfe8 16. b4 $14) (14... f5 15. Nd5 fxe4 (15... h6 16. b4 Qd4 17. c3 Qe5
18. f4 Qe6 19. Rae1 $16) 16. Qg5 Bf8 17. Bxe4 h6 18. Qf4 $14 {[%csl Re8]}) 15.
f4 $14) (12... f5 13. Bb5 a6 14. Bxd7+ Kxd7 15. Nd5 fxe4 16. b4 Qa7 17. Qf4 Ke8
18. Qxe4 e6 19. a5 Be7 20. Rfe1 Bd8 21. Ra3 $16 {1-0 Ochoa de Echaguen,
F-Garcia,R/Lisboa zt 1993 (40)}) (12... e6 13. Bb5 Be7 (13... a6 14. Bxd7+ Kxd7
15. Rfd1 $14 (15. a5 Rc6 16. Na4 Qe5 (16... Qxc2 17. Qe3 (17. Nb6+ Kc7 18. Qxc2
(18. Qd4 Be7 $15) 18... Rxc2 19. Rfc1 Rc6 $17) 17... f5 18. f3 (18. Qa7 Kc7 19.
exf5 Qxf5 20. Rfc1 Qb5 (20... Qxa5 21. Rxc6+ Kxc6 22. Rc1+ $18) 21. Nb6 $11)
18... Ke8 19. Rfc1 f4 20. Qxf4 Qb3 21. Qd2 Be7 22. Rc3 Qb5 23. Nb6 Rg8 $132)
17. Rfe1 Rg8 18. c4 Kc7 19. Nb6 f5 20. exf5 Qxf5 21. b4 Bg7 22. Ra3 $16 {
1-0 Magem Badals,J-Colas,R/Ibercaja 1994 (34)})) (13... Bc6 14. Ra3 a6 15.
Bxc6+ Rxc6 16. Rb3 Rb6 17. Ne2 Bg7 (17... Rxb3 18. cxb3 Qc6 19. Rc1 Qd7 (19...
Qxe4 20. Rc8+ Kd7 21. Qc1 $18) 20. Qa5 Qd8 21. Rc7 d5 22. Qb6 (22. Qc3 Bb4 23.
Qc2 O-O 24. Rxb7 a5 25. Ng3 dxe4 26. Nxe4 f5 27. Rd7 $1 Qh4 28. Nd2 $16) 22...
dxe4 23. Nc3 Bg7 24. Rxb7 $16) 18. Rg3 Bf8 19. Rc3 Qb4 20. Qe3 Qa5 (20... Qxb2
21. a5 Rc6 22. Rxc6 bxc6 23. Qa7 $16) 21. b3 Kd7 22. Rd1 $16 {1-0 Lutz,
C-Weindl,A/Hamburg Wichern- ,EXT 1995 (32)}) 14. Bxd7+ Kxd7 15. Ra3 Rc6 16. Rb3
Kc8 17. Rb5 Qc4 18. Qh6 a6 19. Rb3 $14 {1-0 Ochoa De Echaguen,F-Silva,F/Lisbon
zt 1993 (62)}) 13. Bb5 Rg6 (13... e6 14. Bxd7+ Kxd7 15. Rfd1 (15. Ra3 a6 16. a5
(16. Rb3 Rc7 17. Kh1 Kc8 18. f4 f5 $132) 16... Rc7 17. Na4 Qxc2 18. Qd4 Be7 19.
g3 Ke8 20. Rc3 Rxc3 21. Nxc3 Qb3 $15 {1-0 Mainka R.-Cifuentes R./Oostende 1991
(45)}) 15... f5 16. Qf4 $14) 14. Ra3 (14. Rfd1 $14) 14... e6 15. Bxd7+ (15. b4
Qxb4 16. Rb3 Qc5 17. Bxd7+ Kxd7 18. Rxb7+ Ke8 19. Rb3 (19. Rfb1 Qxc3 (19... f5
$2 20. Rb8 Kd8 21. R1b5 Qc6 (21... Qc7 22. Rxc8+ Kxc8 23. exf5 $16) 22. Qd4 $16
) 20. Qxc3 Rxc3 21. Rb8+ Kd7 22. Rxf8 Ke7 23. Ra8 Rc7 $11) 19... Bh6 20. Qd3
Bf4 21. Rfb1 Be5 22. Nb5 Qxc2 $15) 15... Kxd7 {Not everyone will like to play
with the king, who has got stuck at the centre} 16. Rb3 b6 (16... Bh6 17. Qd3
Qc6 (17... Rcg8 18. g3 Kc8 19. Nb5 $18) 18. g3 Rd8 19. Rd1 $14) 17. Rb5 Qc4 18.
a5 (18. Rh5 Be7 19. g3 $14 (19. Rxh7 $2 Rxg2+ 20. Kxg2 Rg8+ 21. Kf3 Qxf1 $17))
18... Rc5 19. axb6 $4 $19 {Not necessary sacrifise.} (19. Rxc5 Qxc5 20. axb6
axb6 21. Ra1 $14) 19... Rxb5 20. Nxb5 Qxb5 21. bxa7 Qa6 $4 $15 (21... Qa4 $1
22. Qe3 Bh6 $19) 22. Qd4 Be7 $8 23. b3 $2 $17 {Why to not advance P farther?} (
23. b4 $1 Rg8 24. Ra1 Qb7 25. c4 Ra8 (25... Qxb4 26. Qd1 $1 Qxc4 27. a8=Q Rxa8
28. Rxa8 Qxe4 29. Qa1 e5 $11) 26. b5 Ke8 (26... Bd8 27. Ra6) 27. g3 Bd8 28. Ra6
Bc7 29. h4 (29. Qxf6 Rxa7 30. Rxa7 Qxa7 31. Qh8+ Ke7 32. Qxh7 Qd4 $17) 29...
Ke7 30. h5 $44) 23... Rg8 24. Ra1 Qc6 25. c4 Ra8 {It was necessary all the
same to play} 26. b4 Kc7 27. h3 Kb7 28. Ra5 e5 29. Qa1 Bd8 (29... Qxc4 $17) 30.
Rb5+ Bb6 31. Qf1 Kc7 32. c5 $2 $19 (32. Rd5 Rxa7 33. Qe2 Ra1+ 34. Kh2 Bd4 $17)
32... dxc5 33. bxc5 (33. Qc4 {[%cal Gc4f7]} Qe6 34. Qc2 Kc6 35. Qa4 Rxa7 36.
Ra5+ Kb7 37. Rxa7+ Bxa7 $19) 33... Bxc5 34. Kh1 Rxa7 35. Qc4 Kd6 36. Rb8 Bb6
37. Qb4+ Bc5 38. Qd2+ Bd4 39. Qh6 Kc5 40. Qf8+ Kc4 41. Rc8 Rc7 42. Rb8 0-1